Katak & kura-kura

Bibliographic Details
Main Author: Aliah Ahmad
Format: Book
Series:Siri pembaca muda

MARC

LEADER 00000cam a2200000 7i4500
001 0000076445
005 20171106.0
008 171106
020 |a 9838230359 (set) 
020 |a 9838230375 
090 0 0 |a JF   |b MAL 
100 1 |a Aliah Ahmad 
245 1 0 |a Katak & kura-kura   |c Aliah Ahmad 
490 1 |a Siri pembaca muda 
999 |a 0000577580   |b Book   |c Children Collection   |e Cawangan Pontian